Central Library OPAC University of Rajshahi

Library cataloguing and multimedia libraries / (Record no. 462)

MARC details
000 -LEADER
fixed length control field 00905nam a22002777a 4500
001 - CONTROL NUMBER
control field 462
003 - CONTROL NUMBER IDENTIFIER
rucl marc code BD-RjUL
005 - DATE AND TIME OF LATEST TRANSACTION
control field 20211208233201.0
008 - FIXED-LENGTH DATA ELEMENTS--GENERAL INFORMATION
fixed length control field 131118s2001 ii 001 0 eng d
020 ## - INTERNATIONAL STANDARD BOOK NUMBER
International Standard Book Number 8126108681
035 ## - SYSTEM CONTROL NUMBER
System control number (BD-RjUL) 479
040 ## - CATALOGING SOURCE
Original cataloging agency BD-RjUL
Language of cataloging eng
Transcribing agency BD-RjUL
041 ## - LANGUAGE CODE
Language code of text/sound track or separate title eng
082 00 - DEWEY DECIMAL CLASSIFICATION NUMBER
Classification number 025.34
Author mark and year LIB
245 00 - TITLE STATEMENT
Title Library cataloguing and multimedia libraries /
Statement of responsibility, etc. edited by Shyama Balakrishnan; P K Paliwal
260 ## - PUBLICATION, DISTRIBUTION, ETC. (IMPRINT)
Place of publication, distribution, etc. New Delhi,
Date of publication, distribution, etc. c2001.
300 ## - PHYSICAL DESCRIPTION
Pagination 292 p. ;
Size 22 cm.
490 ## - SERIES STATEMENT
Series statement Encyclopedia of library and information technology for 21st century series.
500 ## - GENERAL NOTE
General note Includes index.
526 ## - STUDY PROGRAM INFORMATION NOTE
Requested Dept. Library science
650 #0 - SUBJECT ADDED ENTRY--TOPICAL TERM
Topical term or geographic name as entry element Libraries -- Special collections -- Nonbook materials.
9 (RLIN) 1434
Topical term or geographic name as entry element Cataloging of nonbook materials.
9 (RLIN) 1435
700 1# - ADDED ENTRY--PERSONAL NAME
Personal name Balakrishnan, Shyama
Personal name Shyama Balakrishnan; P K Paliwal
942 ## - ADDED ENTRY ELEMENTS (KOHA)
Source of classification or shelving scheme Dewey Decimal Classification
Koha item type Books
Holdings
Lost status Source of classification or shelving scheme Damaged status Not for loan Collection code Permanent Location Current Location Shelving location Date acquired Source of acquisition Cost, normal purchase price Total Checkouts Full call number Date last seen Copy number Koha item type
  Dewey Decimal Classification     Non-fiction Central Library, University of Rajshahi Central Library, University of Rajshahi   09/07/2008 Dhaka Paragon Enterprizes Lt. 750.00   025.34 LIB 2001 18/11/2013 C-3 Books
  Dewey Decimal Classification     Non-fiction Central Library, University of Rajshahi Central Library, University of Rajshahi   29/06/2008 Dhaka : Paragon Enterprise 750.00   025.34 LIB 2001 09/05/2016 C-4 Books
  Dewey Decimal Classification     Non-fiction Central Library, University of Rajshahi Central Library, University of Rajshahi   29/06/2008 Dhaka paragon enterprises ltd. 750.00   025.34 LIB 2001 24/12/2016 C-5 Books